000 00431nam a2200181Ia 4500
003 0STCL
008 150530s9999 xx 000 0 und d
040 _aSTCL
_cSTCL
100 _aKhushwant Singh
245 _aBest Indian Short Stories - Vol-1
250 _a8
260 _bHarper Collins publishers;India
_c2010
_aIndia
300 _a0
546 _aEnglish
942 _2ddc
_cBK
999 _c50340
_d50340
005 20220125170822.0